Associer le protagoniste à son pire ennemi - Clic Quiz - Statistiques

Statistiques générales
  • Ce quiz a été pris 673 fois
  • Le résultat moyen est 13 sur 20
Statistiques - réponses
Hint Extra Hint Réponse % Correct
Voldemort Livre Harry Potter
98%
Joker Livre Batman
96%
Jules César Livre Astérix
93%
Joe Dalton Livre Lucky Luke
93%
Bowser Jeu vidéo Mario
92%
Scar Film Simba
90%
Empereur Palpatine/Dark Sidious Film Luke Skywalker
81%
Sauron Livre Frodon Sacquet
79%
Roberto Rastapopoulos Livre Tintin
67%
Freezer Livre Sangoku
62%
Empereur Zurg Film Buzz l'Éclair
60%
Roi Dadidou Jeu vidéo Kirby
56%
Ganon Jeu vidéo Link
54%
T-800 Film Sarah Connor
52%
René Belloq Film Indiana Jones
42%
Kuroro/Chrollo Livre Gon Freecss
41%
Big Boss Jeu vidéo Solid Snake
34%
Mother Brain Jeu vidéo Samus
33%
Andross Jeu vidéo Fox McCloud
27%
Miles Quaritch Film Neytiri
26%
Aucun quiz correspondant
Distribution des résultats
% des personnes avec chaque résultat
Percentile par nombre de réponses
Votre historique - résultats
Vous n’avez pas pris ce quiz